Marvel Picture Find: Sinister Six Quiz Stats

 Plays Quiz Updated Apr 17, 2019

Score 0/63 Timer 10:00
17 Plays Today
% Correct
Venom
91.5%
Dr. Octopus
89.7%
Green Goblin
89.4%
Rhino
85.7%
Mysterio
85.6%
Electro
85.1%
Kingpin
84.4%
Carnage
83.4%
Sandman
82.4%
Scorpion
81.9%
Lizard
80.8%
Hobgoblin
72.7%
Vulture
72.2%
Shocker
70.1%
8-Ball
68.1%
Kraven
66.7%
Superior
Spider-Man
62.8%
Hydro-Man
59.6%
Hammerhead
59.1%
Jack O'Lantern
57.5%
Morbius
51.9%
Tombstone
49.3%
Beetle
49.2%
Chameleon
49.2%
Spot
46.6%
Clown
45%
Jackal
44.2%
Iron Spider
39.8%
Grim Reaper
38.9%
Armadillo
37.4%
Owl
37.3%
Boomerang
35.7%
% Correct
Kangaroo
35.7%
Swarm
31.9%
Squid
31%
Demogoblin
29.7%
Grizzly
29.4%
Human Fly
28.3%
Bi-Beast
26.4%
Scorpia
26.2%
Speed
Demon
24.9%
Puma
24.4%
Toxin
23.5%
Trapster
23.2%
Shriek
21.6%
Vermin
21.2%
Living Brain
20%
Gibbon
17.9%
Mysterion
17.7%
Melter
17.3%
Killer Shrike
16.4%
Man Mountain
Marko
15.7%
Overdrive
12.6%
Crime Master
12.4%
Ringer
12.3%
Cyclone
11.8%
Bombshell
11.1%
Mirage
10.6%
Scorcher
10.6%
Death Adder
10.1%
Delilah
9.4%
Megatak
7.4%
Hardshell
6%

You're not logged in!

Compare scores with friends on all Sporcle quizzes.
OR
Log In

Sporcle TV

Today on Sporcle TV


Watch our educational content, quiz creation guides, and fun videos on Sporcle TV.

Show Comments

Extras

Top Quizzes Today


Score Distribution

Your Account Isn't Verified!

In order to create a playlist on Sporcle, you need to verify the email address you used during registration. Go to your Sporcle Settings to finish the process.

Report this User

Report this user for behavior that violates our Community Guidelines.

Details: